[Event "KAZ-ch (Women)"]
[Site "Almaty"]
[Date "2020.12.18"]
[Round "9"]
[White "Abdumalik, Zhansaya"]
[Black "Abdildayeva, Laura"]
[Result "1-0"]
[WhiteElo "2478"]
[BlackElo "1845"]
[PlyCount "55"]
[EventDate "2020.12.11"]
[EventType "tourn"]
[EventRounds "9"]
[EventCountry "KAZ"]
[SourceTitle "CBM 199 Extra"]
[Source "ChessBase"]
[SourceDate "2021.01.31"]
[SourceVersion "1"]
[SourceVersionDate "2021.01.31"]
[SourceQuality "1"]

1. e4 e6 2. d4 d5 3. Nc3 Bb4 4. e5 c5 5. a3 Ba5 6. b4 cxd4 7. Qg4 Kf8 8. Nb5 Bb6 9. Nf3 Nc6 10. Bb2 Nh6 11. Qf4 a5 12. Nbxd4 axb4 13. Nxc6 bxc6 14. axb4 Rxa1+ 15. Bxa1 c5 16. Be2 Nf5 17. 0-0 h6 18. bxc5 Bxc5 19. h4 g6 20. Bd3 Kg7 21. Rb1 Be7 22. g3 g5 23. Qa4 Bd7 24. Qa7 Be8 25. Bxf5 exf5 26. Rb8 Bc5 27. e6+ d4 28. Qxc5 1-0

[Event "KAZ-ch (Women)"]
[Site "Almaty"]
[Date "2020.12.17"]
[Round "8"]
[White "Abdildayeva, Laura"]
[Black "Balabayeva, Kseniya"]
[Result "0-1"]
[WhiteElo "1845"]
[BlackElo "2146"]
[PlyCount "128"]
[EventDate "2020.12.11"]
[EventType "tourn"]
[EventRounds "9"]
[EventCountry "KAZ"]
[SourceTitle "CBM 199 Extra"]
[Source "ChessBase"]
[SourceDate "2021.01.31"]
[SourceVersion "1"]
[SourceVersionDate "2021.01.31"]
[SourceQuality "1"]

1. d4 Nf6 2. Nf3 e6 3. c4 b6 4. g3 Bb7 5. Bg2 Bb4+ 6. Bd2 Be7 7. 0-0 0-0 8. Nc3 d6 9. Qc2 c5 10. Rad1 cxd4 11. Nxd4 Bxg2 12. Kxg2 a6 13. b3 Qc7 14. Kg1 Nbd7 15. Bc1 Rac8 16. Bb2 Qb7 17. Qb1 Nc5 18. Rd2 Rfd8 19. Rfd1 h6 20. f3 Qa7 21. Kg2 Bf8 22. e4 Qb7 23. Re2 Be7 24. Kg1 Ne8 25. f4 Nc7 26. b4 Nd7 27. b5 axb5 28. cxb5 Re8 29. Nc6 Bf8 30. a4 Nc5 31. Ba3 d5 32. exd5 Nxd5 33. Nxd5 exd5 34. Rxe8 Rxe8 35. Rxd5 Nxa4 36. Bxf8 Rxf8 37. Qd3 Nc5 38. Qd1 Qc7 39. Qa1 Re8 40. Re5 Qd7 41. Rxe8+ Qxe8 42. Qe5 Qd7 43. Nd4 f6 44. Qe3 Kh7 45. f5 Qd5 46. g4 Nd7 47. h3 Ne5 48. Kf2 Nc4 49. Qc3 Nd6 50. Qb4 Ne4+ 51. Ke2 Nc5 52. Qc3 Qg2+ 53. Ke1 Qe4+ 54. Kd2 Qd5 55. Ke2 Ne4 56. Qd3 Nd6 57. Kd2 Nc4+ 58. Kc2 Ne5 59. Qc3 Qe4+ 60. Kb2 Nd3+ 61. Ka3 Nc5 62. Qd2 Qb1 63. Qe3 Nd3 64. Nb3 Qb2+ 0-1

[Event "KAZ-ch (Women)"]
[Site "Almaty"]
[Date "2020.12.15"]
[Round "6"]
[White "Abdildayeva, Laura"]
[Black "Nurmanova, Alua"]
[Result "0-1"]
[WhiteElo "1845"]
[BlackElo "2026"]
[PlyCount "56"]
[EventDate "2020.12.11"]
[EventType "tourn"]
[EventRounds "9"]
[EventCountry "KAZ"]
[SourceTitle "CBM 199 Extra"]
[Source "ChessBase"]
[SourceDate "2021.01.31"]
[SourceVersion "1"]
[SourceVersionDate "2021.01.31"]
[SourceQuality "1"]

1. d4 Nf6 2. Nf3 g6 3. Nc3 Bg7 4. e4 d6 5. Be2 0-0 6. 0-0 c6 7. a4 Qc7 8. Bf4 Nbd7 9. h3 e5 10. Bh2 Re8 11. Bd3 b6 12. Re1 a6 13. Bc4 Bb7 14. d5 b5 15. Ba2 cxd5 16. axb5 d4 17. bxa6 Rxa6 18. Ng5 Rf8 19. Bxf7+ Rxf7 20. Rxa6 Bxa6 21. Nxf7 Kxf7 22. Nd5 Nxd5 23. exd5 Nf6 24. f4 e4 25. Bg3 Qc5 26. Qa1 Bb7 27. b4 Qxd5 28. Qa4 d3 0-1

[Event "KAZ-ch (Women)"]
[Site "Almaty"]
[Date "2020.12.14"]
[Round "4"]
[White "Abdildayeva, Laura"]
[Black "Serikbay, Assel"]
[Result "0-1"]
[WhiteElo "1845"]
[BlackElo "2247"]
[PlyCount "74"]
[EventDate "2020.12.11"]
[EventType "tourn"]
[EventRounds "9"]
[EventCountry "KAZ"]
[SourceTitle "CBM 199 Extra"]
[Source "ChessBase"]
[SourceDate "2021.01.31"]
[SourceVersion "1"]
[SourceVersionDate "2021.01.31"]
[SourceQuality "1"]

1. c4 e5 2. g3 Nf6 3. Bg2 c6 4. d4 exd4 5. Qxd4 d5 6. Nf3 Be7 7. cxd5 cxd5 8. 0-0 Nc6 9. Qa4 0-0 10. Be3 Ng4 11. Bf4 a6 12. Nc3 Be6 13. Rad1 b5 14. Qc2 Qb6 15. Ng5 Bxg5 16. Bxg5 Qc5 17. Qd2 d4 18. Ne4 Qb6 19. Rc1 Rac8 20. Nd6 Rc7 21. Bxc6 Rxc6 22. Rxc6 Qxc6 23. Qxd4 f6 24. Rc1 Qd7 25. Bf4 g5 26. Bd2 Rd8 27. Bb4 a5 28. Bc5 Qc6 29. Nf5 Rxd4 30. Ne7+ Kf7 31. Nxc6 Rd2 32. Nxa5 Rxb2 33. a3 Rxe2 34. Nb7 Kg6 35. Nd6 Ne5 36. Nxb5 Nd3 37. Rc3 Bh3 0-1

[Event "KAZ-ch (Women)"]
[Site "Almaty"]
[Date "2020.12.14"]
[Round "5"]
[White "Kairbekova, Amina"]
[Black "Abdildayeva, Laura"]
[Result "1-0"]
[WhiteElo "2065"]
[BlackElo "1845"]
[PlyCount "51"]
[EventDate "2020.12.11"]
[EventType "tourn"]
[EventRounds "9"]
[EventCountry "KAZ"]
[SourceTitle "CBM 199 Extra"]
[Source "ChessBase"]
[SourceDate "2021.01.31"]
[SourceVersion "1"]
[SourceVersionDate "2021.01.31"]
[SourceQuality "1"]

1. e4 e6 2. d4 d5 3. Nc3 Bb4 4. e5 c5 5. a3 Ba5 6. b4 cxd4 7. Qg4 Ne7 8. bxa5 dxc3 9. Qxg7 Rg8 10. Qxh7 Nbc6 11. Nf3 Qc7 12. Bf4 Bd7 13. a6 0-0-0 14. Bd3 d4 15. axb7+ Kb8 16. Bg3 Ng6 17. Bxg6 fxg6 18. 0-0 g5 19. Rfd1 Qb6 20. Rab1 Qc5 21. Qe4 Be8 22. Qg4 Qc4 23. Nxg5 Bg6 24. Qxe6 Qxe6 25. Nxe6 Bxc2 26. Nxd8 1-0

[Event "KAZ-ch (Women)"]
[Site "Almaty"]
[Date "2020.12.11"]
[Round "1"]
[White "Abdildayeva, Laura"]
[Black "Nakhbayeva, Guliskhan"]
[Result "0-1"]
[WhiteElo "1845"]
[BlackElo "2328"]
[PlyCount "92"]
[EventDate "2020.12.11"]
[EventType "tourn"]
[EventRounds "9"]
[EventCountry "KAZ"]
[SourceTitle "CBM 199 Extra"]
[Source "ChessBase"]
[SourceDate "2021.01.31"]
[SourceVersion "1"]
[SourceVersionDate "2021.01.31"]
[SourceQuality "1"]

1. c4 Nf6 2. g3 e5 3. Bg2 c6 4. d4 e4 5. Nc3 Bb4 6. Qb3 Bxc3+ 7. Qxc3 0-0 8. Nh3 d5 9. 0-0 Bf5 10. Bg5 Nbd7 11. Qb3 b6 12. Rfc1 h6 13. Bf4 Be6 14. Qa4 dxc4 15. Qxc6 Rc8 16. Qa4 Qe7 17. Bd2 Nd5 18. Rxc4 Rxc4 19. Qxc4 Nf4 20. Qb4 Nxh3+ 21. Bxh3 Qxb4 22. Bxb4 Bxh3 23. Bxf8 Kxf8 24. f3 e3 25. Rd1 Bf5 26. g4 Bg6 27. Rc1 Nf6 28. Rc7 a5 29. Rc6 Nd5 30. Rd6 Nf4 31. Kf1 Bc2 32. Ke1 Bb1 33. a3 Ba2 34. Rxb6 Bc4 35. Rb8+ Ke7 36. Ra8 Bxe2 37. Rxa5 Bxf3 38. Re5+ Kd6 39. Rxe3 Ng2+ 40. Kf2 Nxe3 41. Kxf3 Nc4 42. a4 Kd5 43. h4 Kxd4 44. b4 Ne5+ 45. Kg3 Ke4 46. b5 Nc4 0-1

[Event "Samara Polugaevsky Memorial 6th"]
[Site "Samara"]
[Date "2016.07.09"]
[Round "7"]
[White "Abdildayeva, Laura"]
[Black "Tolstykh, Dmitri"]
[Result "1-0"]
[WhiteElo "1612"]
[BlackElo "1436"]
[PlyCount "115"]
[EventDate "2016.07.03"]
[EventType "swiss"]
[EventRounds "9"]
[EventCountry "RUS"]
[SourceTitle "EXT 2019"]
[Source "ChessBase"]
[SourceDate "2018.10.10"]
[SourceVersion "1"]
[SourceVersionDate "2018.10.10"]
[SourceQuality "1"]

1. e4 c5 2. Nc3 Nc6 3. g3 g6 4. Bg2 Bg7 5. Nge2 e6 6. d3 Nge7 7. 0-0 0-0 8. Bg5 Qc7 9. Qd2 Nd4 10. Bxe7 Re8 11. Bg5 Qb6 12. Rab1 d6 13. Nxd4 cxd4 14. Ne2 h5 15. Bh6 Bf6 16. Bg5 Bg7 17. a3 a5 18. c3 e5 19. cxd4 exd4 20. Nf4 Be6 21. Nxe6 Rxe6 22. Bh3 Re5 23. Bf4 Rc5 24. Rfc1 Kh7 25. Rxc5 dxc5 26. Qc2 Qb5 27. b3 f6 28. Qc4 Qc6 29. Qe6 g5 30. Bf5+ Kh8 31. Qxc6 bxc6 32. Bd6 Bf8 33. Bxf8 Rxf8 34. Bd7 Rb8 35. Bxc6 Rb6 36. Ba4 Kg7 37. Rc1 Rb8 38. Rxc5 Ra8 39. Rd5 Kf7 40. Rxd4 Ke6 41. Rd7 h4 42. gxh4 gxh4 43. Rh7 Rd8 44. Bb5 Rg8+ 45. Kf1 Rg4 46. Bd7+ Ke5 47. Bxg4 Kd4 48. Rd7+ Kc3 49. d4 Kxb3 50. d5 Kxa3 51. Rb7 f5 52. exf5 a4 53. d6 Ka2 54. d7 a3 55. d8Q h3 56. Qd2+ Ka1 57. Qc1+ Ka2 58. Qb2+ 1-0

[Event "Samara Polugaevsky Memorial 6th"]
[Site "Samara"]
[Date "2016.07.03"]
[Round "1"]
[White "Abdildayeva, Laura"]
[Black "Musaev, Rasul"]
[Result "0-1"]
[WhiteElo "1612"]
[BlackElo "2219"]
[PlyCount "90"]
[EventDate "2016.07.03"]
[EventType "swiss"]
[EventRounds "9"]
[EventCountry "RUS"]
[SourceTitle "EXT 2019"]
[Source "ChessBase"]
[SourceDate "2018.10.10"]
[SourceVersion "1"]
[SourceVersionDate "2018.10.10"]
[SourceQuality "1"]

1. e4 c5 2. Nf3 d6 3. d4 cxd4 4. Nxd4 Nc6 5. Nc3 Nf6 6. Bg5 e6 7. Be2 Be7 8. 0-0 0-0 9. f4 Qb6 10. Ncb5 a6 11. Kh1 axb5 12. Nxb5 Nxe4 13. Bxe7 Nxe7 14. Qd4 Qxd4 15. Nxd4 Nd5 16. Bd3 Nc5 17. Bb5 Bd7 18. Rf3 e5 19. fxe5 dxe5 20. Bxd7 exd4 21. Bb5 Nc7 22. Bc4 b5 23. Bb3 Nxb3 24. Rxb3 Rfe8 25. h3 Re2 26. Rb4 Rxc2 27. Rxd4 Rxb2 28. Rad1 Ne6 29. Rd7 g6 30. a4 Nc5 31. R7d6 Nxa4 32. Rd7 Rb3 33. Rf1 Rf8 34. Rf3 Rxf3 35. gxf3 Nc3 36. Rc7 b4 37. Rb7 Na2 38. Kg2 Rc8 39. Kf1 Rc3 40. Ke2 b3 41. Rb8+ Kg7 42. Rb7 Rc2+ 43. Ke3 b2 44. Kd3 Rh2 45. Ke3 Nc3 0-1